| 000 | 00482nam a22001337a 4500 | ||
|---|---|---|---|
| 040 | _cNUST | ||
| 082 | _a220 PRO | ||
| 100 |
_aRana Haris Javed Usama Aamir Hafiz Kafeel Ahmad Taimoor Asif Ans Atiq Awais Fazal e Qadeer _9122853 |
||
| 110 |
_aSupervisor Dr. Rashid Naseer Tags: 220 PRO _9122854 |
||
| 245 | _aPR-SOF-2318-Power Supply Unit for Run Flat Insert Changing Machine | ||
| 260 |
_aISLAMABAD: _bNUST COLLEGE OF EME, _c2023. |
||
| 650 |
_aDE-MTS-41 _9122842 |
||
| 942 |
_2ddc _cPR |
||
| 999 |
_c609261 _d609261 |
||